000 00297nam a22001337a 4500
008 170529b xxu||||| |||| 00| 0 eng d
020 _a380091171-X
041 _ager
080 _a621
100 _a27
101 _aIM
245 _aGRUNDLAGEN DER ELEKTROTECHNIK
_cMULLER, V.W
942 _2udc
_cBK
999 _c14711
_d14711